000 00556nam a2200181Ia 4500
008 090123s9999 xx 000 0 und d
082 _b5513
100 _aभिवंदे विश्राम
245 _aअदभुत स्त्री
250 _a1
260 _bवैभव प्रेस
300 _a20
600 _aभिवंदे विश्राम
630 _aअदभुत स्त्री
700 _aभिवंदे विश्राम
730 _aअदभुत स्त्री
942 _cBOOK
999 _c43578
_d43578